[Event "Titled Tue 20th May Early"]
[Site "chess.com INT"]
[Date "2025.05.20"]
[Round "7"]
[White "Danzer, George"]
[Black "Chelly, Yahya"]
[Result "0-1"]
[WhiteTitle "CM"]
[BlackTitle "CM"]
[WhiteElo "2172"]
[BlackElo "2039"]
[WhiteFideId "4659465"]
[BlackFideId "5516200"]
[EventDate "2025.05.20"]

1. e4 c6 2. d4 d5 3. e5 Bf5 4. h4 h5 5. c4 e6 6. Nc3 Ne7 7. cxd5 cxd5 8. Bb5+
Nbc6 9. Nf3 a6 10. Bd3 Bxd3 11. Qxd3 Rc8 12. O-O Nf5 13. Be3 Nxh4 14. Nxh4 Qxh4
15. f4 Qd8 16. f5 Nb4 17. Qd2 Be7 18. fxe6 fxe6 19. a3 Nc6 20. Qd3 Kd7 21. Rf7
Qg8 22. Raf1 Nd8 23. R7f2 Qh7 24. Qd1 Qg6 25. Qb3 b5 26. Nxb5 axb5 27. Qxb5+ Nc6
28. Rc1 Rc7 29. Rfc2 Rhc8 30. Rxc6 Rxc6 31. Qb7+ R8c7 0-1

[Event "Titled Tue 20th May Early"]
[Site "chess.com INT"]
[Date "2025.05.20"]
[Round "7"]
[White "Sarveshwaran V"]
[Black "Terron Elena, Francisco M."]
[Result "1-0"]
[WhiteTitle "CM"]
[BlackTitle "FM"]
[WhiteElo "2290"]
[BlackElo "2148"]
[WhiteFideId "25699016"]
[BlackFideId "2210576"]
[EventDate "2025.05.20"]

1. e4 e5 2. Nf3 Nc6 3. Bb5 a6 4. Ba4 Nge7 5. O-O g6 6. c3 Bg7 7. d4 exd4 8. cxd4
b5 9. Bb3 O-O 10. Bg5 h6 11. Bh4 g5 12. Bg3 d6 13. h3 Na5 14. Bc2 c5 15. Nc3 b4
16. Nd5 Nxd5 17. exd5 f5 18. Bh2 g4 19. hxg4 fxg4 20. Ne5 dxe5 21. dxe5 Bf5 22.
Bxf5 Rxf5 23. Qxg4 Rf7 24. Rad1 Rf8 25. f4 Nc4 26. Qe2 Nb6 27. Qe4 c4 28. f5 c3
29. bxc3 bxc3 30. f6 Bxf6 31. exf6 Rxf6 32. Be5 Rxf1+ 33. Rxf1 Qg5 34. Bxc3 Nxd5
35. Qe6+ 1-0

[Event "Titled Tue 20th May Early"]
[Site "chess.com INT"]
[Date "2025.05.20"]
[Round "7"]
[White "Barwinska, Ewa"]
[Black "Marcziter, Dmitrii"]
[Result "0-1"]
[WhiteTitle "WFM"]
[BlackTitle "FM"]
[WhiteElo "2014"]
[BlackElo "2208"]
[WhiteFideId "21833761"]
[BlackFideId "13900765"]
[EventDate "2025.05.20"]

1. e4 c5 2. Nf3 a6 3. c4 e6 4. Nc3 Qc7 5. d4 cxd4 6. Nxd4 Nf6 7. Be3 b6 8. Be2
Bb7 9. f3 Nc6 10. O-O Ne5 11. Rc1 Ng6 12. Re1 h5 13. Qd2 h4 14. h3 Bd6 15. Kh1
Nh5 16. Bf2 Ng3+ 17. Bxg3 Bxg3 18. Rf1 Bf4 19. Qc2 Bxc1 20. Rxc1 O-O 21. Qd2 Qf4
22. Qe1 Qg5 23. Rd1 Nf4 24. Bf1 Rfd8 25. Nce2 Nxe2 26. Nxe2 d5 27. cxd5 exd5 28.
f4 Qh5 29. e5 d4 30. Nxd4 Rac8 31. Be2 Qg6 32. Nf3 Rxd1 33. Qxd1 Qf5 34. Qd2 Qc2
35. Qe1 Qc1 36. Qxc1 Rxc1+ 37. Kh2 Rc2 38. Bd1 Rxb2 39. Nxh4 Rxa2 40. Bf3 Bxf3
41. Nxf3 b5 42. Nd4 Ra4 43. Ne2 Re4 44. Nc3 Rxf4 45. Kg3 Rc4 46. Nd5 b4 47. Kf3
b3 48. Ne3 Rc3 49. Ke4 Rxe3+ 50. Kxe3 b2 51. Kd4 b1=Q 52. Kc5 0-1

[Event "Titled Tue 20th May Early"]
[Site "chess.com INT"]
[Date "2025.05.20"]
[Round "7"]
[White "Chaulagain, Purusottam"]
[Black "Bigabylov, Zhuban"]
[Result "0-1"]
[WhiteTitle "CM"]
[BlackTitle "FM"]
[WhiteElo "1898"]
[BlackElo "2031"]
[WhiteFideId "12300730"]
[BlackFideId "13701495"]
[EventDate "2025.05.20"]

1. d4 Nf6 2. Nc3 d5 3. Bf4 a6 4. e3 b5 5. Bd3 Bb7 6. Nf3 Nbd7 7. a3 e6 8. O-O c5
9. a4 b4 10. Nb1 Be7 11. c4 O-O 12. b3 Nh5 13. Be5 f6 14. Bg3 Nxg3 15. hxg3 f5
16. Ne5 Nxe5 17. dxe5 d4 18. Qe2 Qe8 19. exd4 cxd4 20. Nd2 Qc6 21. f3 g5 22. f4
gxf4 23. gxf4 Kh8 24. Nf3 Rg8 25. Kf2 Rg4 26. Qd2 Rag8 27. Rg1 Rxg2+ 28. Rxg2
Qxf3+ 29. Kg1 Rxg2+ 30. Qxg2 Qxg2# 0-1

[Event "Titled Tue 20th May Early"]
[Site "chess.com INT"]
[Date "2025.05.20"]
[Round "7"]
[White "Bok, Benjamin"]
[Black "Kravtsiv, Martyn"]
[Result "0-1"]
[WhiteTitle "GM"]
[BlackTitle "GM"]
[WhiteElo "2591"]
[BlackElo "2598"]
[WhiteFideId "1017063"]
[BlackFideId "14113147"]
[EventDate "2025.05.20"]

1. d4 d5 2. c4 e6 3. Nc3 Nf6 4. cxd5 exd5 5. Bg5 Be7 6. e3 O-O 7. Bd3 h6 8. Bh4
Re8 9. Nge2 c6 10. O-O Nbd7 11. a4 Nh5 12. Bxe7 Qxe7 13. a5 Nf8 14. Qc2 Bg4 15.
h3 Bxe2 16. Nxe2 Rac8 17. a6 b6 18. Rfc1 Ne6 19. Nc3 Nf6 20. Rab1 Nc7 21. b4 b5
22. Qa2 Rb8 23. Re1 Qd6 24. e4 dxe4 25. Nxe4 Qxd4 26. Qc2 Nxa6 27. Qxc6 Nxe4 28.
Rxe4 Rxe4 29. Qxe4 Qxe4 30. Bxe4 Kf8 31. Ra1 Rb6 32. Ra5 Ke7 33. Bd3 Nxb4 34.
Rxa7+ Ke6 35. Be2 Nc6 36. Rc7 b4 37. Bc4+ Kd6 38. Rxf7 Ne5 39. Rf4 Nxc4 40. Rxc4
b3 41. Rc1 b2 42. Rb1 Kd5 43. Kf1 Kd4 44. Ke2 Kc3 0-1

[Event "Titled Tue 20th May Early"]
[Site "chess.com INT"]
[Date "2025.05.20"]
[Round "7"]
[White "Buscar, Michael"]
[Black "Jake Shanty"]
[Result "0-1"]
[BlackTitle "FM"]
[WhiteElo "2016"]
[BlackElo "2252"]
[WhiteFideId "2603616"]
[BlackFideId "33478066"]
[EventDate "2025.05.20"]

1. d4 d5 2. c4 dxc4 3. e3 e6 4. Bxc4 Nf6 5. Nc3 a6 6. Nf3 c5 7. O-O Nc6 8. a3
cxd4 9. exd4 Be7 10. Bd3 O-O 11. Bc2 b5 12. Qd3 Bb7 13. Ne4 Nxe4 14. Qxe4 g6 15.
Bh6 Re8 16. Rad1 Bf6 17. Qg4 Ne7 18. h4 Nf5 19. Bg5 Bxf3 20. gxf3 h5 21. Qf4
Bxg5 22. hxg5 Qd6 23. Qe5 Qxe5 24. dxe5 Ne7 25. Be4 Rad8 26. Bb7 a5 27. Rd6 Nf5
28. Rfd1 Nxd6 29. exd6 Rb8 30. d7 Red8 31. Bc6 Rb6 32. Be4 Kf8 33. b4 axb4 34.
axb4 Ke7 35. Rc1 Rxd7 36. Rc5 Rd4 37. Rc7+ Kf8 38. Kg2 Rxb4 39. Kg3 Rc4 40. Ra7
b4 41. Kf4 Rc5 42. Bb1 b3 43. Ke4 b2 44. f4 Rb4+ 45. Kd3 Rxf4 46. Ke3 Rb4 47. f3
Rxg5 0-1

[Event "Titled Tue 20th May Early"]
[Site "chess.com INT"]
[Date "2025.05.20"]
[Round "7"]
[White "Chiappero, Julio Alfredo"]
[Black "Buchenau, Frank"]
[Result "0-1"]
[WhiteTitle "FM"]
[BlackTitle "FM"]
[WhiteElo "2238"]
[BlackElo "2190"]
[WhiteFideId "139998"]
[BlackFideId "4604350"]
[EventDate "2025.05.20"]

1. d4 e6 2. c4 Nf6 3. Nc3 Bb4 4. f3 c5 5. d5 Bxc3+ 6. bxc3 Qa5 7. Bd2 d6 8. e4
Nbd7 9. Bd3 Ne5 10. Be2 Bd7 11. Nh3 Ba4 12. Qc1 a6 13. Nf4 exd5 14. cxd5 c4 15.
O-O O-O 16. Kh1 Bd7 17. Be3 b5 18. Bd4 Rab8 19. a3 Qc7 20. Qe1 a5 21. Qh4 b4 22.
axb4 axb4 23. Ra7 Rb7 24. Rxb7 Qxb7 25. Nh5 Nxh5 26. Qxh5 b3 27. f4 b2 28. Rb1
Ra8 29. Bd1 Ra1 30. Bc2 Qb3 31. Qd1 Rxb1 32. Qxb1 Qa3 33. fxe5 dxe5 34. Bxe5 Qa1
35. Kg1 Ba4 36. d6 Bxc2 0-1

[Event "Titled Tue 20th May Early"]
[Site "chess.com INT"]
[Date "2025.05.20"]
[Round "7"]
[White "Troltenier, Dirk"]
[Black "Kovalevsky, Stanislav"]
[Result "1-0"]
[WhiteTitle "FM"]
[BlackTitle "FM"]
[WhiteElo "2174"]
[BlackElo "2098"]
[WhiteFideId "4606400"]
[BlackFideId "13508598"]
[EventDate "2025.05.20"]

1. e4 c6 2. d4 d5 3. exd5 cxd5 4. Bd3 Nc6 5. c3 Nf6 6. h3 g6 7. Nf3 Bf5 8. O-O
Bg7 9. Re1 e6 10. Bf1 h5 11. Nbd2 Qc7 12. Nb3 Be4 13. Ng5 Ng4 14. g3 h4 15. Qxg4
hxg3 16. Qxg3 Qb6 17. Nxe4 dxe4 18. Rxe4 O-O-O 19. Bg5 Rd5 20. Rh4 Rg8 21. Bg2
Rb5 22. Rh7 Qa6 23. Qd6 Rxb3 24. Rxg7 Rxg7 25. Qf8+ Kc7 26. Qxg7 Rxb2 27. Qxf7+
Kb6 28. Qxe6 Qd3 29. d5 Qxc3 30. dxc6 Re2 31. Rb1+ Ka5 32. Qxe2 b5 33. Bd2 b4
34. Bxc3 bxc3 35. Qc2 1-0

[Event "Titled Tue 20th May Early"]
[Site "chess.com INT"]
[Date "2025.05.20"]
[Round "7"]
[White "Tulendinov, Dinmukhammed"]
[Black "Harriott, Tyrell"]
[Result "1-0"]
[WhiteTitle "FM"]
[WhiteElo "2124"]
[BlackElo "1924"]
[WhiteFideId "13730860"]
[BlackFideId "2086484"]
[EventDate "2025.05.20"]

1. e4 d6 2. Nc3 Nf6 3. g3 Nbd7 4. Bg2 e5 5. Nge2 Be7 6. O-O c6 7. a4 O-O 8. d3
Qc7 9. f4 Re8 10. h3 Nf8 11. Kh1 exf4 12. gxf4 Ng6 13. Qe1 Bf8 14. f5 Ne5 15. d4
Ned7 16. Qg3 Kh8 17. Bf3 Be7 18. Bf4 Rg8 19. e5 Ne8 20. Ne4 dxe5 21. dxe5 Qb6
22. Rg1 Qxb2 23. f6 Bf8 24. Ng5 Nd6 25. Rab1 Qa2 26. exd6 Nxf6 27. Rb3 Be6 28.
Nd4 Bc4 29. Rxb7 Qxa4 30. Bxc6 1-0

[Event "Titled Tue 20th May Early"]
[Site "chess.com INT"]
[Date "2025.05.20"]
[Round "7"]
[White "Tiitta, Sauli"]
[Black "Mayaud, Raphael"]
[Result "1-0"]
[BlackTitle "CM"]
[WhiteElo "2157"]
[BlackElo "2126"]
[WhiteFideId "502251"]
[BlackFideId "627151"]
[EventDate "2025.05.20"]

1. g4 d5 2. h3 c6 3. d4 h5 4. g5 Bf5 5. Nc3 e6 6. Bg2 Bd6 7. Nf3 Nd7 8. Nh4 Ne7
9. Nxf5 Nxf5 10. h4 Qc7 11. e4 dxe4 12. Nxe4 g6 13. c3 O-O-O 14. Qe2 e5 15. dxe5
Nxe5 16. Bd2 Rhe8 17. O-O-O Be7 18. Bh3 Nd3+ 19. Kb1 Bf8 20. Qf3 Qe5 21. Nf6 Re6
22. Bc1 Nxc1 23. Rxd8+ Kxd8 24. Rxc1 Be7 25. Rd1+ Kc8 26. Bxf5 Qxf5+ 27. Qxf5
gxf5 28. Nxh5 Re2 29. f4 Rh2 30. Re1 Kd7 31. Ng7 Rxh4 32. Rxe7+ Kxe7 33. Nxf5+
Ke6 34. Nxh4 Kd5 35. f5 Ke5 36. g6 fxg6 37. fxg6 Kf6 38. Kc2 b5 39. Kd3 1-0

[Event "Titled Tue 20th May Early"]
[Site "chess.com INT"]
[Date "2025.05.20"]
[Round "7"]
[White "Setumadhav, Yellumahanthi"]
[Black "Masague Artero, Guerau"]
[Result "0-1"]
[WhiteTitle "FM"]
[BlackTitle "FM"]
[WhiteElo "2254"]
[BlackElo "2326"]
[WhiteFideId "25920669"]
[BlackFideId "32098952"]
[EventDate "2025.05.20"]

1. e4 e5 2. Nf3 Nc6 3. Bc4 Nf6 4. d3 Be7 5. c3 O-O 6. O-O d6 7. a4 a5 8. h3 Be6
9. Na3 d5 10. exd5 Bxd5 11. Re1 Bxa3 12. Bxd5 Qxd5 13. c4 Qd6 14. Rxa3 Rad8 15.
Rb3 b6 16. Qe2 Nd7 17. Be3 Rfe8 18. Rd1 Nc5 19. Bxc5 bxc5 20. Re1 Nb4 21. Qe4 f6
22. Re3 Qd7 23. Ra3 Nc2 24. g4 Rb8 25. Ra2 Nxe3 26. Qxe3 Rb4 27. Nd2 Rd8 28. Ra3
Rxa4 29. Rxa4 Qxa4 30. Ne4 Qd1+ 31. Kg2 Qxd3 32. Qxd3 Rxd3 33. Nxc5 Rd2 34. b3
Kf7 35. Kf3 Ke7 36. Ke3 Rb2 37. f3 Kd6 38. Ne4+ Kc6 39. Nd2 Kc5 40. Kd3 Kb4 41.
h4 Rxb3+ 42. Nxb3 Kxb3 43. c5 a4 44. h5 a3 0-1

[Event "Titled Tue 20th May Early"]
[Site "chess.com INT"]
[Date "2025.05.20"]
[Round "7"]
[White "Molina, Roberto Junio Brito"]
[Black "Le, Tuan Minh"]
[Result "0-1"]
[WhiteTitle "IM"]
[BlackTitle "GM"]
[WhiteElo "2381"]
[BlackElo "2598"]
[WhiteFideId "2109450"]
[BlackFideId "12401153"]
[EventDate "2025.05.20"]

1. d4 d5 2. c4 c6 3. Nf3 Nf6 4. Nc3 a6 5. e3 Bf5 6. Bd3 Bg6 7. O-O e6 8. Qe2 Bb4
9. Bd2 a5 10. a3 Bxc3 11. Bxc3 O-O 12. Rac1 Nbd7 13. Rfd1 Ne4 14. Be1 Bh5 15.
Qc2 f5 16. Be2 Bxf3 17. Bxf3 Rf6 18. g3 a4 19. Bg2 Nd6 20. cxd5 exd5 21. Bb4 Ne4
22. f3 Ng5 23. Re1 Nb6 24. Qc3 Nc4 25. e4 fxe4 26. fxe4 Qd7 27. exd5 cxd5 28.
Re7 Nh3+ 29. Kh1 Nf2+ 0-1

[Event "Titled Tue 20th May Early"]
[Site "chess.com INT"]
[Date "2025.05.20"]
[Round "7"]
[White "Berikkyzy Alanna"]
[Black "Skiadopoulos, Nikolaos"]
[Result "1-0"]
[WhiteTitle "WFM"]
[BlackTitle "CM"]
[WhiteElo "2104"]
[BlackElo "1882"]
[WhiteFideId "13780719"]
[BlackFideId "4200772"]
[EventDate "2025.05.20"]

1. e4 c5 2. Nf3 Nc6 3. d4 cxd4 4. Nxd4 e5 5. Nb5 d6 6. c4 Be6 7. N1c3 a6 8. Na3
Be7 9. Be3 Nf6 10. Be2 O-O 11. O-O Rc8 12. f3 Nd4 13. Bxd4 exd4 14. Nd5 Bxd5 15.
cxd5 Qb6 16. Nc4 Qc5 17. Qd3 b5 18. Nd2 Nd7 19. Nb3 Qb6 20. Qxd4 Bf6 21. Qxb6
Nxb6 22. Rab1 Na4 23. Na5 Bxb2 24. Nc6 Rc7 25. Bd1 Bf6 26. Bxa4 bxa4 27. Rb4 Bg5
28. f4 Bh6 29. Rxa4 g5 30. fxg5 Bxg5 31. Rxa6 Rb7 32. h3 Kg7 33. Ra3 h5 34. Nd4
Kh6 35. Nf5+ Kg6 36. Nxd6 Rb2 37. Rg3 h4 38. Rg4 Rxa2 39. Rf5 f6 40. e5 Ra1+ 41.
Kh2 1-0

[Event "Titled Tue 20th May Early"]
[Site "chess.com INT"]
[Date "2025.05.20"]
[Round "7"]
[White "Csonka, Balazs"]
[Black "Mishra, Abhimanyu"]
[Result "0-1"]
[WhiteTitle "IM"]
[BlackTitle "GM"]
[WhiteElo "2469"]
[BlackElo "2605"]
[WhiteFideId "742910"]
[BlackFideId "30920019"]
[EventDate "2025.05.20"]

1. e4 c5 2. Nf3 d6 3. d4 cxd4 4. Nxd4 Nf6 5. Nc3 a6 6. Bg5 e6 7. f4 Be7 8. Qf3
Qc7 9. O-O-O Nbd7 10. f5 Ne5 11. Qh3 Nfg4 12. Bxe7 Qxe7 13. Qg3 O-O 14. h3 Nf6
15. Qf4 b5 16. g4 b4 17. Nce2 Bb7 18. Ng3 Ned7 19. Nb3 e5 20. Qf3 d5 21. Na5 Nc5
22. Nxb7 Qxb7 23. exd5 e4 24. Qe3 Rac8 25. Kb1 Nxd5 26. Qd4 Nc3+ 27. Ka1 Nxd1
28. Qxd1 Rfd8 29. Qe2 Qc7 30. Nh5 Qe5 31. Bg2 e3 32. Rb1 Rd2 0-1

[Event "Titled Tue 20th May Early"]
[Site "chess.com INT"]
[Date "2025.05.20"]
[Round "7"]
[White "Bernadskiy, Vitaliy"]
[Black "Wagh, Suyog"]
[Result "1-0"]
[WhiteTitle "GM"]
[BlackTitle "FM"]
[WhiteElo "2523"]
[BlackElo "2319"]
[WhiteFideId "14100371"]
[BlackFideId "25071688"]
[EventDate "2025.05.20"]

1. Nf3 Nf6 2. b3 c5 3. Bb2 b6 4. g3 Bb7 5. Bg2 g6 6. Bxf6 exf6 7. c4 Bg7 8. Nc3
f5 9. O-O O-O 10. Nh4 Nc6 11. Rc1 Bf6 12. Nf3 Re8 13. Nd5 Bg7 14. e3 d6 15. d3
Qd7 16. Nd2 Rad8 17. Nb1 h5 18. h4 Ne5 19. Nbc3 Ng4 20. Re1 Be5 21. Ne2 Kh7 22.
Ndf4 Bxf4 23. Nxf4 Bxg2 24. Kxg2 Nf6 25. Qf3 d5 26. cxd5 Nxd5 27. Red1 Nxf4+ 28.
Qxf4 Re6 29. d4 Re4 30. Qf3 cxd4 31. Rd3 Qe7 32. Rcd1 dxe3 33. Rxd8 e2 34. Qc3
f6 35. Qc8 Qg7 36. R1d7 e1=Q 37. Rh8# 1-0

[Event "Titled Tue 20th May Early"]
[Site "chess.com INT"]
[Date "2025.05.20"]
[Round "7"]
[White "Rustamov, Rustam"]
[Black "Nguyen, Quoc Hy"]
[Result "1-0"]
[WhiteTitle "FM"]
[BlackTitle "FM"]
[WhiteElo "2323"]
[BlackElo "2389"]
[WhiteFideId "13440110"]
[BlackFideId "12410853"]
[EventDate "2025.05.20"]

1. e4 c5 2. Nf3 d6 3. d4 cxd4 4. Nxd4 Nf6 5. Nc3 a6 6. a3 g6 7. f3 Bg7 8. Be3 b5
9. Qd2 Bb7 10. g4 h5 11. g5 Nfd7 12. h4 Nb6 13. Be2 N8d7 14. Nb3 Rc8 15. Bd4 e5
16. Bxb6 Nxb6 17. O-O-O d5 18. Nxd5 Bxd5 19. exd5 Na4 20. Qb4 e4 21. Nd4 Bf8 22.
Qb3 Bd6 23. Nc6 Qb6 24. fxe4 Nc5 25. Qf3 O-O 26. e5 Bb8 27. Qf6 Rxc6 28. Qxc6
Qa7 29. d6 Ne4 30. Qxe4 1-0

[Event "Titled Tue 20th May Early"]
[Site "chess.com INT"]
[Date "2025.05.20"]
[Round "7"]
[White "Tsyhanchuk, Stanislav"]
[Black "Grodotzki, Kenneth"]
[Result "0-1"]
[WhiteTitle "IM"]
[BlackTitle "CM"]
[WhiteElo "2273"]
[BlackElo "1984"]
[WhiteFideId "13505130"]
[BlackFideId "4648560"]
[EventDate "2025.05.20"]

1. e4 d6 2. d4 Nf6 3. Nc3 g6 4. f3 Bg7 5. Be3 c6 6. Qd2 b5 7. Bh6 Bxh6 8. Qxh6
b4 9. Nce2 Nbd7 10. Nh3 Ba6 11. Ng5 Qc7 12. Qxh7 Nxh7 13. Nh3 e5 14. Nf2 Nhf6
15. O-O-O Bxe2 16. Bxe2 exd4 17. Rxd4 c5 18. Rd2 Ne5 19. Rhd1 Rd8 20. Bb5+ Ke7
21. f4 Neg4 22. Nxg4 Nxg4 23. h3 Nf6 24. Re1 Kf8 25. g4 Kg7 26. f5 g5 27. Rde2
Qa5 28. Bc4 b3 29. Bxb3 c4 30. Bxc4 Rc8 31. Bb3 Rxh3 32. Re3 Rxe3 33. Rxe3 Nxg4
34. Rd3 Qe1+ 35. Rd1 Qxd1+ 36. Kxd1 Nf2+ 37. Ke2 Nxe4 38. Ke3 Nc5 39. Kd4 Nxb3+
40. cxb3 Kf6 41. Kd5 Kxf5 42. Kxd6 g4 43. a4 Rb8 44. b4 Rxb4 45. a5 Rxb2 46. a6
g3 47. Kc7 g2 48. Kc8 g1=Q 49. Kc7 Qc5+ 50. Kd7 Rd2+ 51. Ke8 Qc8+ 52. Ke7 Qd8+
53. Kxf7 Rd7# 0-1

[Event "Titled Tue 20th May Early"]
[Site "chess.com INT"]
[Date "2025.05.20"]
[Round "7"]
[White "Williams, Simon K"]
[Black "Dovgaliuk, Oleksandr"]
[Result "1-0"]
[WhiteTitle "GM"]
[WhiteElo "2445"]
[BlackElo "2240"]
[WhiteFideId "404454"]
[BlackFideId "14167247"]
[EventDate "2025.05.20"]

1. e4 c5 2. Nf3 d6 3. d4 cxd4 4. Nxd4 Nf6 5. Nc3 a6 6. Bc4 e6 7. Bg5 Be7 8. Qf3
Qc7 9. Bb3 Nc6 10. O-O-O Bd7 11. g4 Ne5 12. Qg3 Nc4 13. f4 Rc8 14. Bxf6 gxf6 15.
f5 b5 16. Rhf1 Qc5 17. Kb1 a5 18. g5 Nxb2 19. Kxb2 a4 20. fxe6 fxe6 21. gxf6 Bf8
22. Nxe6 Bxe6 23. Bxe6 Qb4+ 24. Bb3 a3+ 25. Kb1 Qxc3 26. f7+ Kd8 27. Qxc3 Rxc3
28. e5 1-0

[Event "Titled Tue 20th May Early"]
[Site "chess.com INT"]
[Date "2025.05.20"]
[Round "7"]
[White "Lai, Duc Minh"]
[Black "Ocampos, Ian"]
[Result "1-0"]
[WhiteElo "2072"]
[BlackElo "2219"]
[WhiteFideId "12420387"]
[BlackFideId "117544"]
[EventDate "2025.05.20"]

1. e4 c5 2. Nc3 a6 3. g3 g6 4. Bg2 Bg7 5. Nge2 Nc6 6. O-O d6 7. d3 h5 8. h3 e6
9. Be3 Nge7 10. d4 cxd4 11. Nxd4 Qc7 12. Ndb5 axb5 13. Nxb5 Qb8 14. Nxd6+ Kf8
15. c3 Ra6 16. Re1 e5 17. Bf1 Ra8 18. Bc4 Bxh3 19. Nxf7 Na5 20. Nxh8 Nxc4 21.
Nxg6+ Nxg6 22. Bc5+ Ne7 23. Qxh5 Be6 24. b3 Na5 25. Qg6 Bf7 26. Bxe7+ Kxe7 27.
Qxg7 Qd6 28. Rad1 Qe6 29. Qg5+ Ke8 30. Re2 Nc6 31. Red2 Kf8 32. Qh4 Kg7 33. Rd6
Qe7 34. Qh6+ Kg8 35. Rd7 Qe6 36. Qxe6 Bxe6 37. Rxb7 Rxa2 38. Rd6 Bg4 39. Rxc6 1-0

[Event "Titled Tue 20th May Early"]
[Site "chess.com INT"]
[Date "2025.05.20"]
[Round "7"]
[White "Dumanuly, Sultanbeibarys"]
[Black "Novosel, Lovro"]
[Result "0-1"]
[WhiteTitle "FM"]
[BlackTitle "FM"]
[WhiteElo "2117"]
[BlackElo "2346"]
[WhiteFideId "13731963"]
[BlackFideId "14547120"]
[EventDate "2025.05.20"]

1. e4 g6 2. d4 Bg7 3. Nc3 c6 4. Nf3 d5 5. h3 dxe4 6. Nxe4 Nf6 7. Bd3 O-O 8. O-O
Nbd7 9. Nxf6+ Nxf6 10. c3 a5 11. a4 Qb6 12. Re1 Re8 13. Bc4 Nd5 14. Ne5 Be6 15.
Qf3 Rad8 16. Re2 Rf8 17. Nd3 Nc7 18. b3 Bd5 19. Qg3 Bxc4 20. bxc4 Rfe8 21. Rb2
Qa6 22. Qxc7 Qxc4 23. Nc5 e5 24. Nxb7 exd4 25. Nxd8 dxc3 26. Rc2 Re1+ 27. Kh2
Be5+ 28. Bf4 Qxf4+ 29. g3 Bxc7 30. Rxe1 Qf5 31. Rce2 Bxd8 32. Re8+ Kg7 33. Rxd8
Qxf2+ 0-1

[Event "Titled Tue 20th May Early"]
[Site "chess.com INT"]
[Date "2025.05.20"]
[Round "7"]
[White "Tsydypov, Zhamsaran"]
[Black "Plat, Vojtech"]
[Result "1-0"]
[WhiteTitle "GM"]
[BlackTitle "GM"]
[WhiteElo "2514"]
[BlackElo "2482"]
[WhiteFideId "4108566"]
[BlackFideId "325740"]
[EventDate "2025.05.20"]

1. e4 d6 2. d4 Nf6 3. Nc3 e5 4. Nf3 exd4 5. Nxd4 Be7 6. g3 d5 7. e5 Ng4 8. Bg2
Nxe5 9. Nxd5 Bg4 10. Qd2 Bh3 11. Be4 Nbc6 12. Nxc6 Nxc6 13. Nf4 Qxd2+ 14. Bxd2
Bd7 15. Bc3 O-O 16. O-O-O Bd6 17. Nd5 Be6 18. Rhe1 Rad8 19. f3 Rfe8 20. Ne3 Bc5
21. Rxd8 Rxd8 22. b3 Nd4 23. Bxb7 Nb5 24. Ba5 f5 25. a4 Nd4 26. Bc3 Kf7 27. f4
g6 28. Bg2 Re8 29. Nd5 Rc8 30. b4 Rd8 31. Nxc7 Bb6 32. Bxd4 Bxc7 33. Bxa7 Bd6
34. Bc5 Bc7 35. a5 Bc4 36. Bb7 1-0

[Event "Titled Tue 20th May Early"]
[Site "chess.com INT"]
[Date "2025.05.20"]
[Round "7"]
[White "Ugorek, Kacper"]
[Black "Smieszek, Wojciech"]
[Result "0-1"]
[WhiteTitle "CM"]
[BlackTitle "CM"]
[WhiteElo "2262"]
[BlackElo "2141"]
[WhiteFideId "21890676"]
[BlackFideId "1156047"]
[EventDate "2025.05.20"]

1. b3 e5 2. Bb2 Nc6 3. e3 Nf6 4. Bb5 Bd6 5. Ne2 O-O 6. O-O a6 7. Bxc6 dxc6 8. d3
Re8 9. Nd2 Qe7 10. Nc4 b5 11. Nd2 a5 12. a4 b4 13. Nc4 Ba6 14. Ng3 g6 15. Qe2
Rad8 16. Rad1 h5 17. Nxa5 h4 18. Ne4 Nxe4 19. Nxc6 Qg5 20. Nxd8 Rxd8 21. f4 exf4
22. exf4 Qc5+ 23. Kh1 Nc3 24. Bxc3 bxc3 25. Qf2 h3 26. Qxc5 Bxc5 27. d4 Bxd4 28.
Rf3 hxg2+ 29. Kxg2 Bb7 30. Kg3 Bxf3 31. Kxf3 c5 32. a5 Ra8 33. Ra1 f5 34. a6 Kf7
35. Ke2 Ke6 36. Kd3 Kd5 37. a7 Kc6 38. Ra6+ Kb5 39. Rxg6 Rxa7 40. Rg5 Rh7 41.
Rxf5 Rxh2 42. Rf8 Rd2+ 43. Ke4 Rxc2 44. Rb8+ Kc6 45. Rc8+ Kd7 46. Rg8 Re2+ 47.
Kd3 Rd2+ 48. Kc4 c2 0-1

[Event "Titled Tue 20th May Early"]
[Site "chess.com INT"]
[Date "2025.05.20"]
[Round "7"]
[White "Marchesich, Giovanni"]
[Black "Khazhatuly, Alikhan"]
[Result "0-1"]
[WhiteTitle "CM"]
[BlackTitle "CM"]
[WhiteElo "2219"]
[BlackElo "2196"]
[WhiteFideId "2824790"]
[BlackFideId "13731335"]
[EventDate "2025.05.20"]

1. Nc3 d5 2. d4 Bf5 3. f3 Nf6 4. g4 Bg6 5. g5 Ng8 6. e4 e6 7. Nh3 Be7 8. Rg1 h6
9. Nf4 hxg5 10. Nxg6 fxg6 11. Rg2 g4 12. Be3 Bh4+ 13. Bf2 Bxf2+ 14. Rxf2 Qg5 15.
exd5 exd5 16. Qe2+ Ne7 17. Qb5+ Nbc6 18. f4 Qh4 19. Nxd5 O-O-O 20. Nxe7+ Nxe7
21. Qc5 Nd5 22. Qxa7 Rhe8+ 23. Be2 Nxf4 24. Qa8+ Kd7 25. Qa4+ c6 26. O-O-O Qxf2
27. Bxg4+ Kc7 28. d5 Nxd5 29. Kb1 Qb6 30. Ka1 Ra8 31. Qd4 Qxd4 0-1

[Event "Titled Tue 20th May Early"]
[Site "chess.com INT"]
[Date "2025.05.20"]
[Round "7"]
[White "Trifan, Andrei Ioan"]
[Black "Li, Hui"]
[Result "1-0"]
[WhiteTitle "FM"]
[BlackTitle "CM"]
[WhiteElo "2321"]
[BlackElo "2041"]
[WhiteFideId "12967068"]
[BlackFideId "15400310"]
[EventDate "2025.05.20"]

1. Nf3 d5 2. g3 Bg4 3. Bg2 Nd7 4. d4 c6 5. O-O Ngf6 6. c4 e6 7. Nc3 Bd6 8. Qb3
Qb6 9. c5 Qxb3 10. axb3 Bc7 11. b4 a6 12. b5 O-O 13. bxc6 bxc6 14. Bf4 Bxf4 15.
gxf4 Bxf3 16. Bxf3 Rfb8 17. Rfb1 Rb4 18. e3 g6 19. Ra5 Ra7 20. Be2 Nb8 21. Na2
Rb3 22. Bd1 Rb5 23. Ra3 Ne4 24. Be2 Rbb7 25. b4 Nd2 26. Rb2 Nc4 27. Bxc4 dxc4
28. Rc2 a5 29. bxa5 Rb5 30. Rxc4 Raxa5 31. Rxa5 Rxa5 32. Nc3 Nd7 33. Rb4 h5 34.
Ne4 h4 35. Kg2 Kg7 36. Rb7 Nf6 37. Ng5 Ng4 38. Rxf7+ Kg8 39. h3 Nh6 40. Rf6 Kg7
41. Rxe6 Nf5 42. Rxc6 Ra2 43. Kf3 Nh6 44. Rc7+ Kf8 45. Rc6 Kg7 46. Re6 Nf5 47.
c6 Ra3 48. Ke4 Rc3 49. d5 Kf8 50. Ke5 Rc4 51. e4 Ng7 52. Rxg6 Ke7 53. Rxg7+ 1-0